روضات الجنان في الجامع لأحكام القرآن / (رقم التسجيلة. 120076)

تفاصيل مارك
000 -الفاتح
عناصر البيانات ثابتة الطول 01063cam a2200217 i 4500
005 - تاريخ ووقت آخر معاملة
حقل ضبط 20251108174849.0
008 - عناصر البيانات ثابتة الطول
عناصر البيانات ثابتة الطول 250721b9999 le gr 000 0 ara d
020 ## - الترقيم الدولي المعياري للكتب (ردمك)
الترقيم الدولي المعياري للكتب (ردمك) 9953721610
082 14 - رقم تصنيف ديوي العشري
رقم التصنيف 212
رقم المادة ق ر ط
100 1# - مدخل رئيسي – اسم شخصي
الاسم الشخصي القرطبي، محمد بن أحمد بن أبي بكر بن فرح أبو عبد الله
علاقة الشخص بالعمل/ دوره مؤلف.
245 10 - بيان العنوان
العنوان روضات الجنان في الجامع لأحكام القرآن /
بيان المسؤولية للامام القرطبي ؛ اقتطفها و نسقها و علق عليها الدكتور ياسين الأيوبي ؛ أعد فهارسها الدكتور محمد علي زكي صباغ.
264 1# - بيانات النشر، التوزيع…إلخ
مكان النشر، التوزيع...إلخ بيروت :
اسم الناشر، الموزع...إلخ دار الأرقم بن أبي الارقم للطباعة و النشر و التوزيع،
تاريخ النشر، التوزيع...إلخ [بين 2000 و 2005].
300 ## - الوصف المادي
عدد الوحدات المكونة للوعاء 3 جزء.
650 17 - مدخل إضافي بالموضوع - مصطلح موضوعي
مصطلح موضوعي أو اسم جغرافي كعنصر مدخل الاسلام.
650 17 - مدخل إضافي بالموضوع - مصطلح موضوعي
مصطلح موضوعي أو اسم جغرافي كعنصر مدخل تفسير القرآن.
650 17 - مدخل إضافي بالموضوع - مصطلح موضوعي
مصطلح موضوعي أو اسم جغرافي كعنصر مدخل العلوم القرآنية.
700 1# - مدخل إضافي - اسم شخصي
الاسم الشخصي الأيوبي، ياسين
علاقة الشخص بالعمل/ دوره جامع.
700 1# - مدخل إضافي - اسم شخصي
الاسم الشخصي صباغ، محمد علي
علاقة الشخص بالعمل/ دوره معد.
942 ## - بيانات إضافية (كوها)
نوع التنصيف Dewey Decimal Classification
نوع المادة (كوها) مراجع
المقتنيات
حالة السحب حالة الفقدان مصدر التصنيف حالة التلف غير قابل للإعارة المكتبة الرئيسية المكتبة الحالية موقع الرف تاريخ التزويد الرقم المتسلسل Total Checkouts رقم الإستدعاء الباركود تاريخ آخر ظهور تاريخ الفاتورة نوع المادة (كوها)
    Dewey Decimal Classification   Not For Loan المكتبة المركزية المكتبة المركزية مراجع 28/07/2025 1368300   م/ 212 / ق ر ط PLD00146188 28/07/2025 28/07/2025 مراجع
    Dewey Decimal Classification   Not For Loan المكتبة المركزية المكتبة المركزية مراجع 09/05/2010 1368301   م / 212 / ق ر ط PLD00146554 28/07/2025 09/05/2010 مراجع
    Dewey Decimal Classification   Not For Loan المكتبة المركزية المكتبة المركزية مراجع 09/05/2010 1368302   م / 212 / ق ر ط PLD00146555 28/07/2025 09/05/2010 مراجع
Implemented & Customized by: BBB with SCIT (Smart Chains for Information Technology)

Powered by Koha